000 00394nam a22001217a 4500
003 SGT
082 _a080
_bM14B
100 _aबजाज, जीतेन्द्र
245 _aमध्यप्रदेश की कृषि मानचित्रावली
260 _bसमाजनीति समीक्षण केंद्र
_c2014
300 _a296
942 _2ddc
_cBK
999 _c31455
_d31455